Statistics for TNA Impact Wrestling Champions by Year - 2017

Click here to take the quiz!

General Stats

  • This quiz has been taken 29 times
  • The average score is 10 of 17

Answer Stats

DateEventWrestler% Correct
March 2Impact WrestlingMoose
94%
January 26Impact Wrestling: GenesisBobby Lashley
89%
August 3ImpactEthan Carter III
83%
August 24ImpactEli Drake
72%
April 20ImpactLow Ki
72%
July 2SlammiversaryAlberto El Patron
67%
January 19Impact WrestlingDrew Galloway
67%
November 5Bound for GloryGail Kim
67%
March 30ImpactOrtiz
56%
March 30ImpactSantana
56%
February 2Impact WrestlingTrevor Lee
44%
July 2SlammiversarySienna
39%
September 28Impact: Victory RoadDave Crist
33%
September 28Impact: Victory RoadJake Crist
33%
December 14ImpactLaurel Van Ness
28%
June 15ImpactSonjay Dutt
28%
September 14ImpactTrevor Lee
28%

Score Distribution

Percentile by Number Answered

Percent of People with Each Score

Your Score History

You have not taken this quiz